000 00395pab a2200157 454500
008 180718b2002 xxu||||| |||| 00| 0 eng d
100 _aChakraborty, S.K.
245 _aAhimsa (Non-violence) in the Indian ethos
260 _c2002
300 _ap.17-25.
362 _aJan-Jun
650 _aNonviolence - India
650 _aNonviolence
773 _aJournal of Human Values
909 _a53546
999 _c53546
_d53546